[Event "O2C Doeberl Cup 2014"]
[Site "Canberra AUS"]
[Date "2014.04.21"]
[Round "9.1"]
[White "Nisipeanu,LD"]
[Black "Ikeda,J"]
[Result "1-0"]
[WhiteElo "2686"]
[BlackElo "2338"]

1.d4 Nf6 2.c4 e6 3.Nf3 b6 4.g3 Ba6 5.Qc2 Bb7 6.Bg2 Bb4+ 7.Bd2 Bxd2+ 8.Qxd2 O-O
9.Nc3 Ne4 10.Qd3 Nxc3 11.Ng5 Ne4 12.Nxe4 Nc6 13.O-O f5 14.Nc3 Qf6 15.e3 Nb4
16.Qe2 Bxg2 17.Kxg2 Nc6 18.d5 Ne7 19.Rad1 e5 20.d6 cxd6 21.Qd3 Rac8 22.Qxd6 Qxd6
23.Rxd6 Rxc4 24.Rxd7 Nc6 25.Rfd1 Rf7 26.h4 h5 27.R1d6 Rc5 28.Kf3 Kf8 29.Rxf7+ Kxf7
30.Rd7+ Kf8 31.e4 g6 32.Ke3 a6 33.exf5 gxf5 34.Rh7 Nd4 35.Rxh5 b5 36.Kd3 Kg7
37.f4 b4 38.Na4 Rd5 39.Kc4 Rd8 40.fxe5 Nc2 41.Rg5+ Kh6 42.Nb6  1-0

[Event "German Pokal Cup 2014"]
[Site "Magdeburg GER"]
[Date "2014.05.10"]
[Round "1.1"]
[White "Nisipeanu,LD"]
[Black "Schuster,Mar"]
[Result "1-0"]
[WhiteElo "2691"]
[BlackElo "2237"]

1.d4 Nf6 2.Nf3 e6 3.c4 d5 4.Nc3 Be7 5.Bg5 Nbd7 6.e3 O-O 7.Qc2 c6 8.cxd5 exd5
9.Bd3 Re8 10.h3 Nf8 11.O-O-O Ne4 12.Bxe7 Qxe7 13.Bxe4 dxe4 14.Nd2 Be6 15.Ncxe4 Bf5
16.f3 Bxe4 17.fxe4 Qg5 18.Nc4 b5 19.Nd6 Red8 20.Nf5 c5 21.Kb1 c4 22.Rhf1 Rd7
23.e5 Ng6 24.Qe4 Re8 25.h4 Qd8 26.Qg4 h5 27.Qxh5 c3 28.Qg4 Qa5 29.Nh6+  1-0

[Event "German Pokal Cup 2014"]
[Site "Magdeburg GER"]
[Date "2014.05.11"]
[Round "2.2"]
[White "Van Wely,L"]
[Black "Nisipeanu,LD"]
[Result "0-1"]
[WhiteElo "2656"]
[BlackElo "2691"]

1.Nf3 d5 2.d4 Nf6 3.c4 e6 4.Nc3 Bb4 5.cxd5 exd5 6.Bg5 Nbd7 7.Qc2 c5 8.a3 Bxc3+
9.Qxc3 h6 10.Qe3+ Qe7 11.Qxe7+ Kxe7 12.Bf4 b6 13.dxc5 bxc5 14.b4 a5 15.bxc5 Nxc5
16.Nd4 Bd7 17.g3 Rhc8 18.Bg2 Nfe4 19.f3 Nd6 20.Kf2 g5 21.Bxd6+ Kxd6 22.Rad1 Na4
23.h4 Nb2 24.Rd2 Nc4 25.Rd3 Nb2 26.Rb3 Rab8 27.hxg5 hxg5 28.f4 Rxb3 29.Nxb3 a4
30.Nd4 Rc4 31.e3 Rc3 32.fxg5 Rxa3 33.Bh3 Ra2 34.Bxd7 Nd3+ 35.Kg1 Ra1+ 36.Kg2 Rxh1
37.Bxa4 Rb1 38.Nf5+ Ke5 39.Nh6 Rb2+ 40.Kg1 Ke4 41.Nxf7 Kf3 42.g6 Kxg3 43.Bd1 Rg2+
44.Kf1 Kh2  0-1

[Event "8th Wunsiedel Open 2014"]
[Site "Wunsiedel GER"]
[Date "2014.05.29"]
[Round "2.1"]
[White "Zenker,U"]
[Black "Nisipeanu,LD"]
[Result "0-1"]
[WhiteElo "2218"]
[BlackElo "2691"]

1.e4 c5 2.c3 Nf6 3.e5 Nd5 4.Nf3 Nc6 5.Qb3 e6 6.d4 cxd4 7.cxd4 d6 8.Nc3 dxe5
9.dxe5 Nxc3 10.bxc3 Be7 11.Be2 O-O 12.O-O b6 13.Qc4 Qc7 14.Bd3 Bb7 15.Qe4 g6
16.Qf4 Na5 17.Bb2 Bxf3 18.gxf3 b5 19.Rae1 Rad8 20.Qe4 Rd5 21.f4 Rfd8 22.Re3 Qc6
23.Be2 Bc5 24.Rg3 Rd2 25.Qxc6 Nxc6 26.Bxb5 Rxb2 27.Bxc6 Rdd2 28.Rf3 Rxa2
29.Kg2 a5 30.Rb1 Bxf2 31.Rb8+ Kg7  0-1

[Event "8th Wunsiedel Open 2014"]
[Site "Wunsiedel GER"]
[Date "2014.05.30"]
[Round "3.1"]
[White "Nisipeanu,LD"]
[Black "Rambaldi,Francesco"]
[Result "0-1"]
[WhiteElo "2691"]
[BlackElo "2413"]

1.d4 Nf6 2.c4 g6 3.Nc3 d5 4.Bg5 Ne4 5.Bh4 Nxc3 6.bxc3 dxc4 7.e3 Be6 8.Nf3 Bg7
9.Be2 Nd7 10.O-O Nb6 11.a4 a5 12.Qc2 O-O 13.Rfb1 Qe8 14.Nd2 Bd7 15.Nxc4 Bxa4
16.Qe4 Bc6 17.Qxe7 Nxc4 18.Bxc4 Qxe7 19.Bxe7 Rfb8 20.Bd3 b5 21.Rb2 Bf8 22.Bxf8 Kxf8
23.f3 b4 24.cxb4 Rxb4 25.Rc2 Bd5 26.Rxc7 a4 27.Rc3 Rb3 28.Rxb3 Bxb3 29.Ra3 Ke7
30.Kf2 Kd6 31.e4 Kc6 32.Ke3 Kb6 33.Ra1 Ka5 34.d5 Rc8 35.Kd4 Kb4 36.Ke5 Rc3
37.Ba6 a3 38.Bb7 Rd3 39.Kf6 Rd1 40.Rxa3 Kxa3 41.Kxf7 Kb4 42.e5 Ra1 43.Kf8 Ra7
44.Bc6 Kc5 45.e6 Kd6 46.f4 h5 47.g3 Bc2 48.h4 Bf5 49.Bb5 Bxe6 50.dxe6 Kxe6
51.Kg8 Kf6 52.Bd3 Ra3 53.Be4 Rxg3 54.Kh7 Rg4 55.Kh6 Rxf4 56.Bxg6 Rxh4 57.Bh7 Rh2  0-1

[Event "8th Wunsiedel Open 2014"]
[Site "Wunsiedel GER"]
[Date "2014.05.31"]
[Round "6.3"]
[White "Stocek,J"]
[Black "Nisipeanu,LD"]
[Result "1/2-1/2"]
[WhiteElo "2540"]
[BlackElo "2691"]

1.d4 d5 2.c4 dxc4 3.e3 Nf6 4.Bxc4 e6 5.Nf3 c5 6.O-O a6 7.Ne5 Nbd7 8.Nd2 Bd6
9.Ndf3 O-O 10.Nxf7 Kxf7 11.Ng5+ Ke8 12.Nxe6 Qe7 13.Nxf8 Kxf8  1/2-1/2

[Event "8th Wunsiedel Open 2014"]
[Site "Wunsiedel GER"]
[Date "2014.06.01"]
[Round "7.4"]
[White "Nisipeanu,LD"]
[Black "Cech,P"]
[Result "1/2-1/2"]
[WhiteElo "2691"]
[BlackElo "2427"]

1.e4 e6 2.d4 d5 3.Nc3 Bb4 4.e5 c5 5.a3 Bxc3+ 6.bxc3 Ne7 7.Nf3 b6 8.Bb5+ Bd7
9.Bd3 c4 10.Be2 Ba4 11.h4 Nbc6 12.h5 h6 13.O-O Kd7 14.Nh4 Ng6 15.Nf3 Nge7
16.Bf4 Qg8 17.Qd2 Qh7 18.Rac1 Raf8 19.Nh2 Kc7 20.Bg4 Kb7 21.Bh3 Rhg8 22.Rfe1 Nf5
23.Ng4 Nce7 24.Re2 Ka6 25.Rb1 Nc6 26.Bh2 Nfe7 27.Rf1 Rd8 28.Ne3 Kb7 29.Kh1 Ka6
30.f4 Nf5 31.Nd1 g6 32.g4 Ng7 33.hxg6 fxg6 34.Bg3 h5 35.Rh2 hxg4 36.Bxg4 Nh5
37.Bh4 Rde8 38.Rf3 Qf7 39.Bg5 Ne7 40.Ne3 Nf5 41.Nxf5 exf5 42.Bxh5 gxh5 43.Rfh3 Rh8
44.Qd1 Reg8 45.Qb1 Rxg5 46.fxg5 f4 47.Qd1 Qf5 48.Qe2 Qxg5 49.Qg2 Qf5 50.Qxd5 Bxc2
51.Qxc4+ Kb7 52.Qd5+ Ka6 53.Qc4+ Kb7 54.Qd5+ Ka6 55.Qc4+  1/2-1/2